Central Library and Information Centre
Sibsagar Girls' College, Sivasagar : Assam

SNATAK MAHALAR TULANAMULAK SARKAR (Record no. 4478)

MARC details
000 -LEADER
fixed length control field 00436cam a2200181ua 4500
008 - FIXED-LENGTH DATA ELEMENTS--GENERAL INFORMATION
fixed length control field 181004n1990 II |||gr||||Z||||||asm
040 ## - CATALOGING SOURCE
Original cataloging agency MAIN
041 ## - LANGUAGE CODE
-- English
041 ## - LANGUAGE CODE
-- asm
082 ## - DEWEY DECIMAL CLASSIFICATION NUMBER
Classification number 320.3 CHA
100 ## - MAIN ENTRY--PERSONAL NAME
Personal name CHAKRAVARTY, ADYA NATH.
245 ## - TITLE STATEMENT
Title SNATAK MAHALAR TULANAMULAK SARKAR
260 ## - PUBLICATION, DISTRIBUTION, ETC.
Place of publication, distribution, etc. GUWAHATI
Name of publisher, distributor, etc. JYOTI PRAKASHAN
Date of publication, distribution, etc. 1990
300 ## - PHYSICAL DESCRIPTION
Extent 83.:
Dimensions 20CM.
942 ## - ADDED ENTRY ELEMENTS (KOHA)
Koha item type Books
653 ## - INDEX TERM--UNCONTROLLED
Uncontrolled term COMPARATIVE GOVERNMENT
Holdings
Withdrawn status Lost status Damaged status Not for loan Collection code Home library Current library Shelving location Date acquired Full call number Barcode Date last seen Copy number Price effective from Koha item type Public note Total Checkouts Date last checked out
        TBPSC Central Library and Information Centre Sibsagar Girls College Central Library and Information Centre Sibsagar Girls College Political Science Rack 06.06.1990 320.3 CHA 12819 27.02.2020 1 27.02.2020 Books      
        TBPSC Central Library and Information Centre Sibsagar Girls College Central Library and Information Centre Sibsagar Girls College POLITICAL SC BOOK RACK 06.06.1990 320.3 CHA 12820 27.02.2020 2 27.02.2020 Books V    
        TBPSC Central Library and Information Centre Sibsagar Girls College Central Library and Information Centre Sibsagar Girls College POLITICAL SC BOOK RACK 06.06.1990 320.3 CHA 12821 14.11.2022 3 27.02.2020 Books V 2 31.10.2022
        TBPSC Central Library and Information Centre Sibsagar Girls College Central Library and Information Centre Sibsagar Girls College POLITICAL SC BOOK RACK 06.06.1990 320.3 CHA 12822 07.12.2022 4 27.02.2020 Books V 3 22.11.2022
        TBPSC Central Library and Information Centre Sibsagar Girls College Central Library and Information Centre Sibsagar Girls College POLITICAL SC BOOK RACK 06.06.1990 320.3 CHA 12823 11.02.2021 5 27.02.2020 Books V 1 21.01.2021


Sibsagar Girl's College © 2020. All rights reserved.
Powered by Koha.
Maintained by Abhijit Borpuzari.